| 000 | 00459 a2200181 4500 | ||
|---|---|---|---|
| 003 | Nust | ||
| 005 | 20230221101217.0 | ||
| 022 | _a9693100778 | ||
| 040 | _cNust | ||
| 082 | _a297,JAF | ||
| 100 |
_aJaffri, Syed Raees Ahmed _9109287 |
||
| 245 |
_aNahjul Balagha / _cSyed Raees Ahmed Jaffri, |
||
| 260 |
_aLahore _bGhulam Ali & Sons _c1981 |
||
| 300 | _a806 p | ||
| 650 |
_aIslamic History _924120 |
||
| 651 |
_aNahj Ul Balagha _9109288 |
||
| 942 |
_2ddc _cBK |
||
| 999 |
_c219427 _d219427 |
||